| Tag |
First Indicator |
Second Indicator |
Subfields |
| LEADER |
00000cam a2200000 4500 |
| 001 |
in00000039812 |
| 005 |
20151007064559.0 |
| 008 |
751212r18871884mauaf 00100 eng u |
| 035 |
|
|
|a (OCoLC)01895082
|
| 035 |
|
|
|9 AAE0153AM
|
| 040 |
|
|
|c MIA
|d TXA
|d UtOrBLW
|
| 049 |
|
|
|a TXAM
|c [5553]
|
| 090 |
|
|
|a QB44
|b .L28 1887
|
| 092 |
|
|
|a 520
|b L28
|
| 100 |
1 |
|
|a Langley, S. P.
|q (Samuel Pierpont),
|d 1834-1906.
|
| 245 |
1 |
4 |
|a The new astronomy /
|c by Samuel Pierpoint Langley ...
|
| 264 |
|
1 |
|a Boston,
|a New York :
|b Houghton Mifflin,
|c [1887]
|
| 264 |
|
4 |
|c [©1887]
|
| 300 |
|
|
|a 260 pages :
|b illustrations, plates, diagrams ;
|c 25 cm.
|
| 336 |
|
|
|a text
|b txt
|2 rdacontent
|
| 337 |
|
|
|a unmediated
|b n
|2 rdamedia
|
| 338 |
|
|
|a volume
|b nc
|2 rdacarrier
|
| 500 |
|
|
|a Originally published in Century Magazine, 1884-87.
|
| 650 |
|
0 |
|a Astronomy.
|
| 999 |
|
|
|a MARS
|
| 999 |
f |
f |
|s 774844e1-7eba-3c44-ae67-bbf0d0c7fa57
|i 7ba817c0-6929-3578-9f97-e55f9d67f29f
|t 0
|
| 952 |
f |
f |
|p ric
|a Texas A&M University
|b Rellis Campus
|c Joint Library Facility
|d Remote Storage
|t 0
|e QB44 .L28 1887
|h Library of Congress classification
|i unmediated -- volume
|m A14800898060
|
| 998 |
f |
f |
|a QB44 .L28 1887
|t 0
|l Remote Storage
|